White mughals: (Record no. 50833)

000 -LEADER
fixed length control field 00395nam a22001451a 4500
082 ## - DEWEY DECIMAL CLASSIFICATION NUMBER
Classification number 823
Item number WIL/W
100 ## - MAIN ENTRY--AUTHOR NAME
Personal name William Dalrymple
245 ## - TITLE STATEMENT
Title White mughals:
Sub Title love and betrayal in eighteenth century india/
Statement of responsibility, etc by William Dalrymple
260 ## - PUBLICATION, DISTRIBUTION, ETC. (IMPRINT)
Place of publication New Delhi:
Name of publisher Viking,
Year of publication 2002.
300 ## - PHYSICAL DESCRIPTION
Number of Pages 579p.
650 ## - SUBJECT ADDED ENTRY--TOPICAL TERM
Topical Term Novel English
650 ## - SUBJECT ADDED ENTRY--TOPICAL TERM
Topical Term Literature English
650 ## - SUBJECT ADDED ENTRY--TOPICAL TERM
Topical Term Literature
942 ## - ADDED ENTRY ELEMENTS (KOHA)
Koha item type Book
Holdings
Withdrawn status Lost status Damaged status Not for loan Permanent Location Current Location Date acquired Cost, normal purchase price Full call number Accession Number Cost, replacement price Price effective from Koha item type
        Sree Sankaracharya University of Sanskrit Sree Sankaracharya University of Sanskrit 08.01.2015 0.00 823 WIL/W 027377 0.00 08.01.2015 Book